| 000 | 00000nam##2200000za#4500 |
| 001 | 9.607321 |
| 003 | CaOODSP |
| 005 | 20220204123614 |
| 007 | cr ||||||||||| |
| 008 | 150406|1974||||xxc|||||o f|0| 0 fre|d |
| 020 | |a978-0-660-97500-9 |
| 040 | |aCaOODSP|bfre |
| 043 | |an-cn--- |
| 086 | 1 |aFs94-184F-PDF |
| 110 | 2 |aOffice des recherches sur les pêcheries du Canada. |
| 245 | 10|aPoissons d'eau douce du Canada / |h[ressource électronique]|c[par] W.B. Scott, E. J. Crossman. |
| 250 | |aRéimprimé 1975, 1978, 1985, 1990 |
| 260 | |aOttawa - Ontario : |bOffice des recherches sur les pêcheries du Canada |cc1974. |
| 300 | |a1065p.|bfigures, graphiques, références, tableaux |
| 490 | 1 |aOffice des recherches sur les pêcheries du Canada - bulletin|vN° 184 |
| 500 | |a«Numérisé par Éditions et Services de dépôt, Travaux publics et Services gouvernementaux Canada - 2014» |
| 590 | |a14-18-Supp|b2014-10-15 |
| 691 | 07|aGestion des pêches|2gcpds |
| 775 | 08|tFreshwater fishes of Canada / |w(CaOODSP)9.870340 |
| 776 | 0#|tPoissons d'eau douce au Canada / |w(CaOODSP)9.625977 |
| 830 | #0|aBulletin (Office des recherches sur les pêcheries du Canada)|vN° 184|w(CaOODSP)9.501186 |
| 856 | 40|ahttp://publications.gc.ca|qPDF|s62.91 Mo|uhttps://publications.gc.ca/collections/collection_2014/mpo-dfo/Fs94-184-fra.pdf|yN° 184 |